Central Library OPAC University of Rajshahi

Scientific and technical libraries : (Record no. 611)

MARC details
000 -LEADER
fixed length control field 01138cam a22003012 4500
001 - CONTROL NUMBER
control field 611
003 - CONTROL NUMBER IDENTIFIER
rucl marc code BD-RjUL
005 - DATE AND TIME OF LATEST TRANSACTION
control field 20211208233215.0
008 - FIXED-LENGTH DATA ELEMENTS--GENERAL INFORMATION
fixed length control field 750626s1964 nyua b 000 0 eng
035 ## - SYSTEM CONTROL NUMBER
System control number (BD-RjUL)629
-- OCLC ocm01413707 from D971028M
040 ## - CATALOGING SOURCE
Original cataloging agency DLC
Transcribing agency TOL
Modifying agency OCL
-- SER
-- UKM
-- EQO
-- BD-RjUL
Language of cataloging eng
041 ## - LANGUAGE CODE
Language code of text/sound track or separate title eng
082 ## - DEWEY DECIMAL CLASSIFICATION NUMBER
Classification number 026.5
Author mark and year STS 1964
100 1# - MAIN ENTRY--PERSONAL NAME
Personal name Strauss, Lucille J.
Fuller form of name (Lucille Jackson),
Dates associated with a name 1908-1994
9 (RLIN) 1866
245 10 - TITLE STATEMENT
Title Scientific and technical libraries :
Remainder of title their organization and administration /
Statement of responsibility, etc. [by] Lucille J. Strauss, Irene M. Strieby [and] Alberta L. Brown.
260 ## - PUBLICATION, DISTRIBUTION, ETC. (IMPRINT)
Place of publication, distribution, etc. New York :
Name of publisher, distributor, etc. Interscience Publishers,
Date of publication, distribution, etc. 1964.
300 ## - PHYSICAL DESCRIPTION
Pagination xi, 398 p. :
Illustrations illus.
Size 24 cm.
490 1# - SERIES STATEMENT
Series statement Library science and documentation ;
Volume/sequential designation v. 4
504 ## - BIBLIOGRAPHY, ETC. NOTE
Bibliography, etc Includes bibliographies.
650 #0 - SUBJECT ADDED ENTRY--TOPICAL TERM
Topical term or geographic name as entry element Aeronautical libraries.
9 (RLIN) 1867
Topical term or geographic name as entry element Aeronautical libraries.
9 (RLIN) 1868
710 2# - ADDED ENTRY--CORPORATE NAME
Corporate name or jurisdiction name as entry element Special Libraries Association.
Subordinate unit Science-Technology Division.
Title of a work Technical libraries.
9 (RLIN) 1870
830 #0 - SERIES ADDED ENTRY--UNIFORM TITLE
Volume number/sequential designation v. 4
830 #0 - SERIES ADDED ENTRY--UNIFORM TITLE
Uniform title Library science and documentation ;
942 ## - ADDED ENTRY ELEMENTS (KOHA)
Source of classification or shelving scheme Dewey Decimal Classification
Koha item type Books
Holdings
Lost status Source of classification or shelving scheme Damaged status Not for loan Collection code Permanent Location Current Location Shelving location Date acquired Source of acquisition Cost, normal purchase price Total Checkouts Full call number Date last seen Copy number Koha item type
  Dewey Decimal Classification   Not For Loan Non-fiction Central Library, University of Rajshahi Central Library, University of Rajshahi Reading Room 12/08/1967 Zithlinger 66.00   026.5 STS 1964 18/11/2013 C-1 Books